000 01398cad a22002655a 4500
001 L147512
008 090519s2003 xxk f s s000 0 eng d
020 _a0755935187
022 1 _a0950-2254
035 _a(Sirsi) u147512
041 0 _aeng
050 0 4 _a331.2 $2 18
100 1 _aFlint, Ann
245 0 0 _aModern title and condition deeds in Scotland and their effectiveness in securing common repairs
_h[electronic resource]
260 _a[Edinburgh]
_bScottish Executive Social Research
_c2003
505 2 _aSummary -- The purpose of this study -- Methodology -- Survey of title deeds -- Benchmarking against best practice -- Owners views -- Developers' views and practices -- Legal opinion -- Conclusions and recommendations -- Appendices
520 _aExamines whether title deeds for recently-built properties deal more adequately with the management of repairs and maintenance than those for older tenements, which can cause problems. Finds that deeds of conditions are improving and becoming more comprehensive over time.
521 _aAdvanced
651 4 _aScotland
_y1999-
690 _aPROPERTY-RESIDENTIAL PROPERTY-DOMESTIC RESIDENTIAL PROPERTY-HOUSING-FLATS
700 1 _aBarrowman, James
700 1 _aO'Carroll, Derek
856 4 0 _uhttps://www.scotland.gov.uk/Publications/2003/03/16620/19272
_zView the report free of charge at www.scotland.gov.uk...
942 _n0
999 _c109595
_d109595